000 01717nam a2200457 i 4500
003 EG-GICUC
005 20260208152852.0
008 260208s1933 fr ||fr|||| 000 0 fre d
040 _aEG-GiCUC
_bita
_cEG-GiCUC
_dEG-GiCUC
_eRda
041 0 _aita
082 0 4 _221
_a341.81
_bAK . N
092 0 4 _221
099 _aLaw1 12 341.81 AK . N 1933
100 1 _aAkzin, B
_eAuteur
245 1 3 _aLa Nationalité :
_bDans La Science Sociale Et Dans Le Droit Contemporain /
_cPar Mm. B. Akzin, M. Ancel; Mlie S. Basdevant; Mm. M. Caleb, Drouillat. M. Gégout, E. Gordon, R. Kiefe, P. De La Pradelle, Martin, R. Maunier, B. Mirkine-guetzévitch, J. Ray ; Préface De Mm. Levy-ullmann Et Gidel,
264 1 _aParis :
_bLibrairie Du Recueil Sirey,
_c1933.
300 _a347 page,
_c24 cm.
336 _2rda contenu
_a texte
337 _2rda medias
_aOrdinateur
338 _2 transporteur rda
_a Ressource en ligne
504 _aComprend des références bibliographiques.
504 _a
546 _aTexte en français
650 1 4 _aDroit international privé
_2
651 1 _2
700 _aAncel, M ;
_eCo-Auteur
700 _aBasdevant, Mlie S.
_eCo-Auteur
700 _aCaleb, Mm. M. ,
_eCo-Auteur
700 _aGégout, Drouillat.
_eCo-Auteur
700 _aGordon, M. , E. ,
_eCo-Auteur
700 _aKiefe. R.
_eCo-Auteur
700 _aDe La Pradelle, P
_eCo-Auteur
700 _aMartin
_eCo-Auteur
700 _aMaunier, R.
_eAuteur
700 _aMirkine-guetzévitch B
_eCo-Auteur
700 _aRay, J
_eCo-Auteur
700 1 _aEt Gidel, Levy-ullmann
_ePréfacier
856 4 0 _uhttps://fll.law.cu.edu.eg/fulltext/bks/B12-02370.pdf
905 _a48
942 _2ddc
_cBK
_e21
_n0
999 _c61681
_d61681